00391nam a2200145Ia 4500008004100000020001800041082001500059100001700074245002000091250001600111260004400127300001400171500004400185700001600229220610s9999 xx 000 0 und d a9788173666025 a5.133bSIE aSierra Kathy aHead First Java a2nd edition aMumbaibShroff Publishers Pvt Ltdc2009 a687 PbPB a"Donated by Mr. Chandrashekhar, Nagpur" a Bates Bert